| 000 | 00793nam a2200169 a 4500 | ||
|---|---|---|---|
| 001 | 000045988 | ||
| 005 | 20250607073643.0 | ||
| 008 | 150605s2005 dr 000 0 spa d | ||
| 020 | _a9789945866100 | ||
| 040 |
_aDO-SdBNP _bspa _cBNPHU |
||
| 110 | 1 |
_aRepública Dominicana. _b Secretaria de Estado de Salud Pública y Asistencia Social (2001) _956549 |
|
| 245 | 1 | 0 | _aPerfil del sector farmacéutico. |
| 260 |
_aSanto Domingo : _bComisión Presidencial de Política Farmaceutica Nacional, _c2005. |
||
| 300 |
_aix, 59 p ; _c22 cm. |
||
| 504 | _aBibliografía p: 51 | ||
| 505 | 0 |
_tPrólogo -- _gcapitulo I -- _tPerfil general y de salud del país -- _gcapitulo II -- _tPerfil del sector farmacéutico -- _gcapitulo III -- _tCaracterización del sector farmacéutico -- _tConclusiones y recomendaciones -- |
|
| 999 |
_c45477 _d45477 |
||